000
00254nam a22000977a 4500
041
_a
eng
080
_a
80
100
_a
Демський, М.
245
_a
Українські фраземи й особливості їх творення.
999
_c
280043
_d
280043
942
_c
BK